| 000 | 01326cam a2200229 4500 | ||
|---|---|---|---|
| 001 | ##L125913 | ||
| 008 | 040422n2004 000 0 eng u | ||
| 020 | _a1845320018 | ||
| 035 | _a(Sirsi) u125913 | ||
| 041 | 0 | _aeng | |
| 050 | 0 | 4 | _a332.6324 $2 18 |
| 110 | 2 |
_aUnited Kingdom _bHM Treasury |
|
| 245 | 0 | 0 |
_aPromoting more flexible investment in property _ba consultation |
| 260 |
_aLondon _bHM Treasury _c2004 |
||
| 520 | _aThis consultation document seeks views on how a new vehicle for investing property might be structured to meet government objectives to encourage an efficient and flexible property investment market. The consultation follows the Barker review of housing supply (ISBN 1845320107) recommendation for a vehicle based on the US Real Estate Investment Trust (REITS) model. Consultation closes on 16 July 2004. | ||
| 650 | 2 | 4 | _aBARKER REVIEW OF HOUSING SUPPLY: SECURING OUR FUTURE HOUSING NEEDS |
| 651 | 4 |
_aUnited Kingdom _y |
|
| 690 | _aPROPERTY-PROPERTY FINANCE AND INVESTMENT-REAL ESTATE INVESTMENT TRUSTS | ||
| 710 | 2 |
_aUnited Kingdom _bInland Revenue _91014 |
|
| 856 | 4 | 0 |
_uhttps://webarchive.nationalarchives.gov.uk/+/http://www.hm-treasury.gov.uk/budget/budget_04/associated_documents/bud_bud04_adproperty.cfm _zView the consultation document at webarchive.nationalarchives.gov.uk |
| 942 | _n0 | ||
| 999 |
_c103497 _d103497 |
||